Culpables para la sociedad : impunes por la ley /

Guardado en:
Formato: Libro
Publicado: Buenos Aires : Maria Teresa PiÑeiro, 1988
Materias:
Etiquetas: Agregar Etiqueta
Sin Etiquetas, Sea el primero en etiquetar este registro!
LEADER 00573nam a22001935a 4500
001 EHU.bham028821
003 AR-BHAM
005 20110518144822.0
008 130507s1988##################000#0#####d
082 9 8 |a 982.06 
245 0 0 |a Culpables para la sociedad :  |b impunes por la ley / 
260 |a Buenos Aires :  |b Maria Teresa PiÑeiro,  |c 1988 
300 |a 122 p. 
653 |a Militarismo 
653 |a Dictaduras 
653 |a Historia argentina-1976-1983 
653 |a Campos de concentracion 
653 |a Torturas 
859 |a AR-BHAM  |b BIB. HUMANIDADES - General  |h 982.06  |i C897  |p 17.06  |t Ej.1